000 01153nam a2200229Ia 4500
003 Ost
005 20260507075443.0
008 260507s9999||||xx |||||||||||||| ||und||
020 _a9957452290
040 _cfsecg
041 _aara
082 _a350
100 _aحريز، سامي محمد هشام
_eمؤلف
245 0 _aالمهارة في ادارة الازمات وحل المشكلات :
_bالاسس النظرية والتطبيقية /
_c سامي محمد هشام حريز
260 _aعمان:
_bدار البداية,
_c2007
300 _a192 صفحة؛
_bإيضاحات ؛
_c24 سم
504 _aببليوغرافيا: ص.189-190
520 _aبين يدي الكتاب، قواعد ومراحل وانواع ادارة الأزمات، ادارة الأزمات في الاسلام، الأسس النظرية العامة لعلم ادارة الأزمات، الأسس التطبيقية العامة لعلم ادارة الأزمات، كيف تطور قدرتك على حل المشكلات، نهاية المطاف
653 _aادارة
653 _aالأزمات الاقتصادية
942 _cكتاب
999 _c44570
_d44570